Statistics for Capitals in the World Map #3

Click here to take the quiz!

General Stats

  • This quiz has been taken 235 times
  • The average score is 13 of 15

Answers on the Map

Answers color-coded by a green-red scale on the quiz's map according to % correct below.
Loading ...
 

Answer Stats

Answer% Correct
New Delhi
100%
Madrid
100%
Havana
98%
Stockholm
98%
Monaco
97%
Algiers
96%
Montevideo
94%
Nassau
85%
Dakar
84%
Managua
83%
Tashkent
83%
São Tomé
82%
Bandar Seri Begawan
77%
Asmara
75%
Ouagadougou
72%

Score Distribution

Percentile by Number Answered

Percent of People with Each Score

Your Score History

You have not taken this quiz